The House of God : Church Architecture, Style and History /
Exposición en orden cronológico del desarrollo histórico de los templos cristianos como género arquitectónico en todo el mundo, en un recorrido que cubre desde los precursores del cristianismo hasta el siglo XX, atravesando los estilos bizantino, románico, gótico, renacentista, barroco, neoclásico y...
Bewaard in:
| Hoofdauteur: | |
|---|---|
| Formaat: | Boek |
| Taal: | Engels |
| Gepubliceerd in: |
Londres, Inglaterra :
Thames and Hudson,
2005, c1990
|
| Onderwerpen: | |
| Tags: |
Geen labels, Wees de eerste die dit record labelt!
|
MARC
| LEADER | 00000nam^a2200000^a^4500 | ||
|---|---|---|---|
| 001 | 000184810 | ||
| 005 | 20250521000000.0 | ||
| 009 | 20260310102130.201 | ||
| 020 | |a 0-500-28556-X | ||
| 037 | |a Acervo ITESO - Biblioteca | ||
| 041 | |a ING | ||
| 082 | |a 726. 5 |b NOR | ||
| 100 | |a Norman, Edward |e (autor) | ||
| 240 | 1 | 1 | |a [Iglesias y catedrales: historia de las iglesias cristianas desde sus primeros tiempos hasta nuestros días] |
| 245 | 1 | 4 | |a The House of God : |b Church Architecture, Style and History / |c E. Norman. |
| 264 | 4 | |a Londres, Inglaterra : |b Thames and Hudson, |c 2005, c1990 | |
| 300 | |a 312 p. : |b tapa blanda | ||
| 336 | |a texto |b txt |2 rdacontenido | ||
| 337 | |a sin mediación |b n |2 rdamedio | ||
| 338 | |a volumen |b nc |2 rdasoporte | ||
| 520 | |a Exposición en orden cronológico del desarrollo histórico de los templos cristianos como género arquitectónico en todo el mundo, en un recorrido que cubre desde los precursores del cristianismo hasta el siglo XX, atravesando los estilos bizantino, románico, gótico, renacentista, barroco, neoclásico y neogótico. El autor analiza cómo llegaron a producirse los estilos eclesiásticos y de qué forma su distribución geográfica originó al unísono similitudes y nuevas variaciones. Edward Norman sostiene que debe tomarse con reserva la hipótesis de la existencia de una relación directa entre las formas de los edificios eclesiásticos y el funcionamiento de los ritos y culto cristianos. | ||
| 649 | |a XX | ||
| 650 | |a Catedrales - |x Historia - |x Tema Principal | ||
| 650 | |a Templos Cristianos - |x Historia - |x Tema Principal | ||
| 650 | |a Arquitectura Religiosa - |x Historia y Crítica | ||
| 650 | |a Arquitectura - |x Historia y Crítica | ||
| 650 | |a Arte Religioso - |x Historia y Crítica | ||
| 650 | |a Arte - |x Historia y Crítica | ||
| 910 | |a Fondo General | ||
| 920 | |a Impresos - Libros | ||
| 930 | |a Colección General | ||
| 905 | |a 101 | ||
| 901 | |a 0500125757 |b IT1 |c ACC |u 20250521 | ||
| 902 | |a https://opac.biblio.iteso.mx/vufind/Record/000184810 | ||